Statystyki dla okręg 3 WROCŁAW do Sejmu

Kliknij tutaj aby rozwiązać quiz!

Ogólne statystyki

  • Ten quiz został rozwiązany 5 razy
  • Średni wynik to 11 z 21

Statystyki odpowiedzi

liczba głosówwyborypartiaodpowiedź% Poprawnych
213 8832007POBogdan Zdrojewski
80%
47 2972001POBogdan Zdrojewski
80%
73 9532005POBogdan Zdrojewski
80%
149 9622011POBogdan Zdrojewski
80%
66 8592019KOGrzegorz Schetyna
60%
26 2212011PiSKazimierz Ujazdowski
60%
46 7362005PiSKazimierz Ujazdowski
60%
25 8712001PiSKazimierz Ujazdowski
60%
73 4162007PiSKazimierz Ujazdowski
60%
26 1012015K'15Kornel Morawiecki
60%
43 4472019SLDKrzysztof Śmiszek
60%
91 2362019PiSMirosława Stachowiak Różecka
60%
41 2962015PiSMirosława Stachowiak Różecka
60%
28 8472001SLDHanna Gucwińska
40%
29 9222015POJacek Protasiewicz
40%
28 6762019KOMałgorzata Tracz
40%
30 1962019KOMichał Jaros
40%
62 2112015POAlicja Chybicka
20%
29 8772015PiSBeata Kempa
20%
26 6482011PiSDawid Jackiewicz
20%
29 1242001SLDJan Chaładaj
20%

Rozkład punktacji

Percentyl według liczby udzielonych odpowiedzi

Procent ludzi z każdym wynikiem

Twoja historia wyników

Nie rozwiązałeś tego quizu